000 00689nam a22002172 4500
001 0000002110
005 20151217151840.0
008 070402s xx 000 0 eng d
020 _a1861521642 :
_cKES 1,053
040 _aKABU
_cKABU
050 0 _aHF1416
_b.J64
100 1 _aJohnston, Steve.
_@0000151339
245 1 0 _aFoundations of international marketing /
_cSteve Johnson and Harold Beaton.
260 _aLondon :
_bInternational Thomson Business Press,
_c1998.
300 _axii, 249 p. ;
_c25 cm.
650 0 _aExport marketing.
_@0000151331
700 1 _aBeaton, Harold.
_@0000151340
908 _a070402
950 _@1
999 _c5652
_d5652